000
00449nam a2200181Ia 4500
008
090123s9999 xx 000 0 und d
082
_b
3459
100
_a
नरवणे सुधा
245
_a
दोलाचल
250
_a
1
260
_c
1973
300
_a
146
600
_a
नरवणे सुधा
630
_a
दोलाचल
700
_a
नरवणे सुधा
730
_a
दोलाचल
942
_c
BOOK
999
_c
41539
_d
41539